Théorie générale des droits et libertés / (Record no. 1390)

MARC details
000 -LEADER
fixed length control field 01098cam a2200361Ma 4500
001 - CONTROL NUMBER
control field ocn701616596
003 - CONTROL NUMBER IDENTIFIER
control field TZ-ArACH
005 - DATE AND TIME OF LATEST TRANSACTION
control field 20111010111244.0
008 - FIXED-LENGTH DATA ELEMENTS--GENERAL INFORMATION
fixed length control field 101112s2010 be 000 0 fre d
020 ## - INTERNATIONAL STANDARD BOOK NUMBER
International Standard Book Number 9782802730026
035 ## - SYSTEM CONTROL NUMBER
System control number (OCoLC)701616596
040 ## - CATALOGING SOURCE
Original cataloging agency LVB
Language of cataloging fre
Transcribing agency TZ-ArACH
Modifying agency CHRRO
041 ## - LANGUAGE CODE
Language code of text/sound track or separate title Fre
049 ## - LOCAL HOLDINGS (OCLC)
Holding library TZAA
050 14 - LIBRARY OF CONGRESS CALL NUMBER
Classification number K3240
055 #4 - CLASSIFICATION NUMBERS ASSIGNED IN CANADA
Classification number .L6652
100 1# - MAIN ENTRY--PERSONAL NAME
Personal name Levinet, Michel.
9 (RLIN) 2690
245 10 - TITLE STATEMENT
Title Théorie générale des droits et libertés /
Statement of responsibility, etc Michel Levinet.
250 ## - EDITION STATEMENT
Edition statement 3e éd. refondue.
300 ## - PHYSICAL DESCRIPTION
Extent 648 p.
490 1# - SERIES STATEMENT
Series statement Droit & justice ;
Volume number/sequential designation 94
504 ## - BIBLIOGRAPHY, ETC. NOTE
Bibliography, etc Bibliogr.
650 #6 - SUBJECT ADDED ENTRY--TOPICAL TERM
Topical term or geographic name as entry element Liberté.
9 (RLIN) 2691
650 #6 - SUBJECT ADDED ENTRY--TOPICAL TERM
Topical term or geographic name as entry element Droits de l'homme.
9 (RLIN) 2692
650 #6 - SUBJECT ADDED ENTRY--TOPICAL TERM
Topical term or geographic name as entry element Droits de l'homme (Droit international)
9 (RLIN) 2693
650 #7 - SUBJECT ADDED ENTRY--TOPICAL TERM
Topical term or geographic name as entry element droits fondamentaux.
9 (RLIN) 2694
650 #7 - SUBJECT ADDED ENTRY--TOPICAL TERM
Topical term or geographic name as entry element droits de l'homme.
9 (RLIN) 2695
650 #7 - SUBJECT ADDED ENTRY--TOPICAL TERM
Topical term or geographic name as entry element Civil Rights
9 (RLIN) 2696
650 #7 - SUBJECT ADDED ENTRY--TOPICAL TERM
Topical term or geographic name as entry element Human rights
9 (RLIN) 2697
830 #0 - SERIES ADDED ENTRY--UNIFORM TITLE
Uniform title Droit et justice ;
Volume number/sequential designation 94.
9 (RLIN) 2698
942 ## - ADDED ENTRY ELEMENTS (KOHA)
Source of classification or shelving scheme Library of Congress Classification
Koha item type Books
Holdings
Home library Current library Shelving location Date acquired Full call number Barcode Koha item type
African Court on Human and Peoples' Rights Library African Court on Human and Peoples' Rights Library   10/10/2011 K3240 .L6652 10014101 Books

African Court on Human and Peoples' Rights | For Inquiries Contact » +255 272 510 510